书目信息 |
| 题名: |
旭明说语文
|
|
| 作者: | 王旭明 著 | |
| 分册: | 二 | |
| 出版信息: | 北京 人民日报出版社 2017 |
|
| 页数: | 337页 | |
| 开本: | 24cm | |
| 丛书名: | ||
| 单 册: | ||
| 中图分类: | G633.302-53 , G633.302 | |
| 科图分类: | ||
| 主题词: | 语文课--教学研究--中小学--文集 | |
| 电子资源: | ||
| ISBN: | 978-7-5115-5143-6 | |
| 000 | 00898nam0 2200241 450 | |
| 001 | 2360860654 | |
| 005 | 20231209215339.54 | |
| 010 | @a978-7-5115-5143-6@dCNY46.00 | |
| 100 | @a20181129d2017 em y0chiy50 ea | |
| 101 | 0 | @achi |
| 102 | @aCN@b110000 | |
| 105 | @aa z 000yy | |
| 200 | 1 | @a旭明说语文@Axu ming shuo yu wen@h二@f王旭明著 |
| 210 | @a北京@c人民日报出版社@d2017 | |
| 215 | @a337页@c照片@d24cm | |
| 300 | @a真语文培训书系 | |
| 330 | @a本书主要内容为王旭明真语文课堂教学实践,全书分为“旭明讲课”“旭明评课”“旭明检测”三大部分,收录了作者在真语文活动、国培等各类语文教学活动中教学实录、评课、课后检测等内容,全方位展示作者将理论运用于实践,将真语文理念落实在课堂的思想。 | |
| 606 | 0 | @a语文课@x教学研究@x中小学@j文集 |
| 690 | @aG633.302-53@v5 | |
| 690 | @aG633.302@v4 | |
| 701 | 0 | @a王旭明@Awang xu ming@4著 |
| 801 | 0 | @aCN@b91MARC@c20181129 |
| 905 | @aZUCC@dG633.302@e367:2 | |
| 旭明说语文.二/王旭明著.-北京:人民日报出版社,2017 |
| 337页:照片;24cm |
| 真语文培训书系 |
| ISBN 978-7-5115-5143-6:CNY46.00 |
| 本书主要内容为王旭明真语文课堂教学实践,全书分为“旭明讲课”“旭明评课”“旭明检测”三大部分,收录了作者在真语文活动、国培等各类语文教学活动中教学实录、评课、课后检测等内容,全方位展示作者将理论运用于实践,将真语文理念落实在课堂的思想。 |
| ● |
| 相关链接 |
|
|
|
正题名:旭明说语文
索取号:G633.302/367:2
 
预约/预借
| 序号 | 登录号 | 条形码 | 馆藏地/架位号 | 状态 | 备注 |
| 1 | 2001038961 | 2001038961 | 第四书库/四17架A面2层3列/ [索取号:G633.302/367:2] | 在馆 | |
| 2 | 2001038962 | 2001038962 | 第四书库/四17架A面2层3列/ [索取号:G633.302/367:2] | 在馆 | |
| 3 | 2001038963 | 2001038963 | 第四书库/四17架A面2层3列/ [索取号:G633.302/367:2] | 在馆 | |
| 4 | 2001038964 | 2001038964 | 第四书库/四17架A面2层3列/ [索取号:G633.302/367:2] | 在馆 | |
| 5 | 2001038965 | 2001038965 | 第四书库/四17架A面2层3列/ [索取号:G633.302/367:2] | 在馆 | |
| 6 | 2001038966 | 2001038966 | 第四书库/四17架A面2层3列/ [索取号:G633.302/367:2] | 在馆 |